01823nam a22001577a 4500999001900000008004100019100002700060245012200087260003000209300002900239520114200268650011401410773003001524942000701554952010401561 c529965d529965250516b ||||| |||| 00| 0 eng d aWatanabe, Aya 953210 aElectoral incentives and negotiated settlements: Legislative deliberation on the Mindanao conflict in the Philippines aThe Developing Economics  a63(1), Mar,2025: p.47-69 aSome conflict-experiencing countries undergo both violent and electoral competitions. In other words, electoral competition evolves while nonstate actors struggle to realize their political and cultural demands by arms. Although increasing attention has been paid to the interplay between domestic political dynamics and violent conflict, we still know little about how the electoral calculations of legislators shape their response to negotiated settlement, possibly influencing conflict processes. By examining the congressional records of the House of Representatives in the Philippines, this study conducts quantitative text analyses to assess the impacts of electoral incentives—shaped by executive popularity, district ethnic composition, and the occurrence of conflict-related violence—on legislators' response to negotiated settlement. The results demonstrate that legislators are sensitive to constituents' views on conflict settlement by showing support or opposition to negotiated settlement, anticipating their electoral fortunes in the next election.- Reproduced https://onlinelibrary.wiley.com/doi/10.1111/deve.12427  aLatent semantic scaling, Legislative debates, Mindanao Conflict, Philippine politics, Text analysis. 953211 aThe Developing Economics  cAR 00102ddc40709405153aIIPAbIIPAd2025-05-16h63(1), Mar,2025: p.47-69pAR135788r2025-05-16yAR